|
|
|
|
| LEADER |
00956nam#a2200289#a#4500 |
| 001 |
009527 |
| 005 |
20160721145147.0 |
| 008 |
030626s1970####sp##################spa#d |
| 040 |
|
|
|a AR-beUNQ
|
| 099 |
|
|
|a 08-J6
|
| 100 |
1 |
|
|a Johnson, Harry G
|
| 245 |
0 |
0 |
|a Panoramas contemporáneos de la teoría económica
|c Harry G. Johnson ; M. Bronfenbrenner ; F. D. Holzman....[et al.]
|
| 260 |
|
|
|a Madrid :
|b Alianza,
|c 1970
|
| 300 |
|
|
|a v :
|b gráficos
|
| 490 |
0 |
|
|a Alianza Universidad
|
| 500 |
|
|
|a La biblioteca tiene solamente el v. 1 Dinero, interés y bienestar (34069)
|
| 650 |
|
7 |
|a MONEDA
|2 Spines
|
| 650 |
|
7 |
|a POLITICA MONETARIA
|2 Spines
|
| 650 |
|
7 |
|a INFLACION
|2 Spines
|
| 650 |
|
7 |
|a ECONOMIA DEL BIENESTAR
|2 Spines
|
| 650 |
|
7 |
|a BIENESTAR COMUN
|2 Spines
|
| 700 |
1 |
|
|a Bronfenbrenner, M
|
| 700 |
1 |
|
|a Holzman, F D
|
| 700 |
1 |
|
|a Mishan, E J
|
| 929 |
|
|
|a COMPRA
|b Felipe Orlando
|d 15,00E
|e 20030623
|f patrimonio
|j 34069
|
| 942 |
|
|
|c LIB
|n 0
|
| 999 |
|
|
|c 11974
|d 87361
|